Spon's estimating costs guide to plumbing and heating (Record no. 112447)
[ view plain ]
| 000 -LEADER | |
|---|---|
| fixed length control field | 01054cad a2200253 4500 |
| 001 - CONTROL NUMBER | |
| control field | ##L134687 |
| 008 - FIXED-LENGTH DATA ELEMENTS--GENERAL INFORMATION | |
| fixed length control field | 060825s2006 000 0 eng u |
| 020 ## - INTERNATIONAL STANDARD BOOK NUMBER | |
| International Standard Book Number | 9780203894859 |
| -- | 9780203894859 |
| 035 ## - SYSTEM CONTROL NUMBER | |
| System control number | (Sirsi) u153282 |
| 041 0# - LANGUAGE CODE | |
| Language code of text/sound track or separate title | eng |
| 050 04 - LIBRARY OF CONGRESS CALL NUMBER | |
| Classification number | 692.5 $2 18 |
| 100 1# - MAIN ENTRY--PERSONAL NAME | |
| Personal name | Spain, Bryan |
| 245 00 - TITLE STATEMENT | |
| Title | Spon's estimating costs guide to plumbing and heating |
| Remainder of title | unit rates and project costs |
| 250 ## - EDITION STATEMENT | |
| Edition statement | 3rd. ed. |
| 260 ## - PUBLICATION, DISTRIBUTION, ETC. | |
| Place of publication, distribution, etc. | Abingdon |
| Name of publisher, distributor, etc. | Taylor and Francis |
| Date of publication, distribution, etc. | 2006 |
| 350 ## - PRICE (NR) (BK AM CF MU VM SE) [OBSOLETE] | |
| Price | 27.99 |
| 520 ## - SUMMARY, ETC. | |
| Summary, etc. | An eBook aimed at contractors and small businesses carrying out small works between £50 and £50 000. Contains cost information broken down into labour, materials, overheads and profit. Includes typical project costs and professional advice on setting up and running a business, such as taxation, book-keeping, VAT and CIS4s and legal obligations. |
| 520 ## - SUMMARY, ETC. | |
| Summary, etc. | Supersedes second edition (ISBN 0415318556) |
| 590 ## - LOCAL NOTE (RLIN) | |
| Local note | IKA171006 |
| 651 #4 - SUBJECT ADDED ENTRY--GEOGRAPHIC NAME | |
| Geographic name | United Kingdom |
| Chronological subdivision | |
| 690 ## - LOCAL SUBJECT ADDED ENTRY--TOPICAL TERM (OCLC, RLIN) | |
| Topical term or geographic name as entry element | BUILT ENVIRONMENT-BUILDING COSTS |
| 942 ## - ADDED ENTRY ELEMENTS (KOHA) | |
| Suppress in OPAC | 0 |
| Withdrawn status | Lost status | Source of classification or shelving scheme | Damaged status | Not for loan | Home library | Current library | Shelving location | Date acquired | Total Checkouts | Barcode | Date last seen | Copy number | Price effective from | Koha item type |
|---|---|---|---|---|---|---|---|---|---|---|---|---|---|---|
| Dewey Decimal Classification | London | London | Books | 04/07/2011 | 153282-1001 | 06/08/2019 | 1 | 06/08/2019 | Book |